000 00345nam a22001337a 4500
999 _c9234
_d9234
003 OSt
008 201119b ||||| |||| 00| 0 eng d
100 _aNarayan, Shanti & Mittal, P.K.
245 _aTextbook of Matrices for B.Sc. And B.A.
260 _aNew Delhi
_bS.Chand
_c2020
300 _a309
650 _aB.Sc Non Medical
942 _2ddc
_cBK